000 005880000a22001690004500
090 _aAR
_b01110
245 1 0 _aEnvironmental services as a strategy for sustainable development in rural Amazonia
650 1 4 _aServicios ambientales
_994060
650 1 4 _aEcología económica
_916452
650 1 4 _aBiodiversidad
_992204
650 1 4 _aAmazonía
_932858
651 4 _pBrasil
_992749
041 0 _aInglés
100 1 _aFearnside, Philip M.
_994346
942 _cARTICULO
773 1 _tEcological Economics: the Journal of the International Society for Ecological Economics
_3826
_q53-70
_d1997
_g20
999 _c10196
_d10196